000 00369 a2200169 4500
001 72600
020 _a8506034485
040 _cAnchieta - Colégio São Paulo
100 _aVilhena, Vera
240 1 0 _aPoeira de ouro
_lpor
245 1 0 _aPoeira de ouro
300 _a143
362 0 _a2002
440 1 _aMelhoramentos
650 4 _aLiteratura juvenil
942 _cBK
999 _c72600
_d72600